Statistics for League of Legends Lore

Click here to take the quiz!

General Stats

  • This quiz has been taken 302 times
  • The average score is 9 of 15

Answer Stats

QuestionAnswer% Correct
Lets begin with an easy one: Who is the Brother of NasusRenekton
97%
What Champion is NOT from FreljordDiana
92%
Where do Yordles usually liveBandle City
89%
Which Champion here represents deathKindred
85%
Which Champion Here was Created by another ChampionBlitzcrank
84%
Which Champion is NOT a Voidborn (Created by the Void)Kaisa
80%
Which one of these Pairs are SiblingsKatarina & Cassiopeia
79%
Which Champion here is NOT from DemaciaPantheon
72%
Which Champion is from IcathiaJax
64%
Which one of these is a Continent in the League UniverseShurima
49%
Which Champion here is a member of the Black RoseVladimir
49%
What Champion was the only one who went to the Shadow Isles cause they wanted toKarthus
35%
What City does the Crystal Scar from the Dominion Game mode representKalamanda
25%
Which Champion here is from the Kinkou MonasteryKennen
19%
Which City is NOT in ShurimaBasilich
13%

Score Distribution

Percentile by Number Answered

Percent of People with Each Score

Your Score History

You have not taken this quiz